[Event "CHN-ch U16"]
[Site "Shenzhen"]
[Date "2023.07.29"]
[Round "3"]
[White "Ji, Jiadong"]
[Black "Gu, Yi"]
[Result "1/2-1/2"]
[WhiteElo "1915"]
[BlackElo "1669"]
[PlyCount "91"]
[EventDate "2023.07.28"]
[EventType "swiss"]
[EventRounds "11"]
[EventCountry "CHN"]
[SourceTitle "CBM 215 Extra"]
[Source "ChessBase"]
[SourceDate "2023.09.30"]
[SourceVersion "1"]
[SourceVersionDate "2023.09.30"]
[SourceQuality "1"]

1. e4 c5 2. Nf3 d6 3. d4 cxd4 4. Nxd4 Nf6 5. Nc3 a6 6. Be2 e6 7. 0-0 Be7 8. f4 Qc7 9. Be3 b5 10. Bf3 Bb7 11. e5 dxe5 12. Bxb7 Qxb7 13. fxe5 Nfd7 14. Qg4 g6 15. Qf4 0-0 16. Ne4 Qc7 17. Nf3 f5 18. exf6 Qxf4 19. Bxf4 Nxf6 20. Rae1 Nc6 21. c3 Nxe4 22. Rxe4 Bc5+ 23. Be3 Bxe3+ 24. Rxe3 Rfe8 25. Rfe1 Nd8 26. Nd4 Ra7 27. Re5 Rc7 28. R1e2 Kf7 29. a4 bxa4 30. Ra5 Nc6 31. Rc5 Rec8 32. Nxe6 Rd7 33. Ng5+ Kg8 34. Nf3 Kg7 35. Rc4 a3 36. bxa3 Na7 37. Rce4 Nb5 38. Re7+ Rxe7 39. Rxe7+ Kh6 40. a4 Nxc3 41. a5 Rc5 42. g4 Rxa5 43. g5+ Kh5 44. h3 Ra1+ 45. Kg2 Ra2+ 46. Kf1 1/2-1/2

[Event "CHN-chB"]
[Site "Qiziwan"]
[Date "2023.02.04"]
[Round "11"]
[White "Ji, Jiadong"]
[Black "Liu, Yiyi"]
[Result "1/2-1/2"]
[WhiteElo "1878"]
[BlackElo "1628"]
[PlyCount "119"]
[EventDate "2023.01.30"]
[EventType "swiss"]
[EventRounds "11"]
[EventCountry "CHN"]
[SourceTitle "CBM 212 Extra"]
[Source "ChessBase"]
[SourceDate "2023.03.31"]
[SourceVersion "1"]
[SourceVersionDate "2023.03.31"]
[SourceQuality "1"]

1. e4 e6 2. d4 d5 3. Nc3 dxe4 4. Nxe4 Be7 5. Nf3 Nf6 6. Nxf6+ Bxf6 7. Bd3 Bd7 8. c3 Bc6 9. Bf4 g5 10. Bg3 g4 11. Ne5 Bxe5 12. Bxe5 f6 13. Bg3 Bxg2 14. Rg1 Bf3 15. Be2 Qd5 16. Bxc7 Nc6 17. Qd3 Rc8 18. Bf4 Be4 19. Qb5 Qxb5 20. Bxb5 h5 21. Kd2 Kf7 22. Rae1 Bd5 23. Bxc6 Rxc6 24. a4 Bb3 25. Ra1 Rd8 26. Ra3 Bd5 27. b3 e5 28. Be3 Bf3 29. Kd3 f5 30. Re1 Rd7 31. a5 f4 32. Bd2 e4+ 33. Kc2 e3 34. fxe3 g3 35. d5 Be4+ 36. Kc1 Rxd5 37. Ra4 Re6 38. hxg3 fxg3 39. Rg1 g2 40. Rxe4 Rxe4 41. Rxg2 Rxa5 42. c4 Rf5 43. Kc2 Rg4 44. Rh2 h4 45. Be1 Rh5 46. Rh3 Ke6 47. Kd3 Rh7 48. e4 Kf6 49. Bf2 a6 50. Kd4 Rd7+ 51. Kc5 Ke6 52. Rxh4 Rxh4 53. Bxh4 Ke5 54. b4 Kxe4 55. Kb6 Kd4 56. b5 axb5 57. cxb5 Kc4 58. Bg3 Rg7 59. Bc7 Rh7 60. Kxb7 1/2-1/2

[Event "New Star Super m"]
[Site "Beijing"]
[Date "2019.12.09"]
[Round "1.3"]
[White "Ji, Jiadong"]
[Black "Dai, Changren"]
[Result "0-1"]
[WhiteElo "1878"]
[BlackElo "2388"]
[PlyCount "110"]
[EventDate "2019.12.09"]
[EventType "k.o. (rapid)"]
[EventRounds "5"]
[EventCountry "CHN"]
[SourceTitle "EXT 2021"]
[Source "ChessBase"]
[SourceDate "2020.10.23"]
[SourceVersion "1"]
[SourceVersionDate "2020.10.23"]
[SourceQuality "1"]

1. e4 c5 2. Nf3 Nc6 3. d4 cxd4 4. Nxd4 Nf6 5. Nc3 d6 6. Be2 g6 7. Be3 Bg7 8. 0-0 0-0 9. Kh1 d5 10. exd5 Nb4 11. Nb3 Nfxd5 12. Nxd5 Nxd5 13. Bd4 Nf4 14. Bxg7 Kxg7 15. Bf3 Bf5 16. Nd4 e5 17. Nxf5+ gxf5 18. g3 Ne6 19. c3 e4 20. Bg2 Qxd1 21. Rfxd1 Rad8 22. g4 Kf6 23. gxf5 Nc5 24. Kg1 Kxf5 25. Kf1 Nd3 26. Rd2 Nf4 27. Rad1 Rxd2 28. Rxd2 Nxg2 29. Kxg2 Rg8+ 30. Kf1 Ke6 31. Rd4 f5 32. Ra4 a6 33. Rb4 Rg7 34. a4 Ke5 35. h3 h5 36. Rb6 Kf4 37. Rh6 Kf3 38. Rxh5 f4 39. Rh4 Rg6 40. a5 Rg7 41. c4 Rc7 42. b3 Rc5 43. Kg1 Rxa5 44. Rg4 Ra1+ 45. Kh2 Rf1 46. Rg1 Rxg1 47. Kxg1 Ke2 48. h4 e3 49. f3 Kd2 50. h5 e2 51. h6 e1Q+ 52. Kg2 Qg3+ 53. Kh1 Ke2 54. h7 Kf2 55. h8Q Qg2# 0-1

[Event "Wch U12"]
[Site "Weifang"]
[Date "2019.08.30"]
[Round "9"]
[White "Ji, Jiadong"]
[Black "Navumenka, Mikhei"]
[Result "1-0"]
[WhiteElo "1703"]
[BlackElo "2148"]
[PlyCount "67"]
[EventDate "2019.08.21"]
[EventType "swiss"]
[EventRounds "11"]
[EventCountry "CHN"]
[SourceTitle "EXT 2020"]
[Source "ChessBase"]
[SourceDate "2019.10.17"]
[SourceVersion "1"]
[SourceVersionDate "2019.10.17"]
[SourceQuality "1"]
[WhiteTeam "China"]
[BlackTeam "Belarus"]
[WhiteTeamCountry "CHN"]
[BlackTeamCountry "BLR"]

1. e4 e6 2. d4 d5 3. Nc3 Nf6 4. Bg5 Be7 5. e5 Ne4 6. Nxe4 dxe4 7. Bxe7 Qxe7 8. c3 0-0 9. Qc2 f5 10. exf6 Qxf6 11. 0-0-0 Bd7 12. Qxe4 Bc6 13. Qe3 Nd7 14. f3 b5 15. Nh3 Rab8 16. Bd3 Bd5 17. Ng5 h6 18. Ne4 Qf7 19. Nd2 Rfc8 20. Be4 c5 21. Kb1 a5 22. Rhe1 a4 23. Bxd5 exd5 24. Qe6 b4 25. Qxf7+ Kxf7 26. c4 cxd4 27. cxd5 Rb5 28. d6 Rd5 29. Re7+ Kf8 30. Rxd7 d3 31. Rb7 Rxd6 32. Rxb4 Re8 33. Ne4 Rg6 34. g4 1-0

[Event "Wch U12"]
[Site "Weifang"]
[Date "2019.08.29"]
[Round "8"]
[White "Xue, Haowen"]
[Black "Ji, Jiadong"]
[Result "0-1"]
[WhiteElo "1917"]
[BlackElo "1703"]
[PlyCount "142"]
[EventDate "2019.08.21"]
[EventType "swiss"]
[EventRounds "11"]
[EventCountry "CHN"]
[SourceTitle "EXT 2020"]
[Source "ChessBase"]
[SourceDate "2019.10.17"]
[SourceVersion "1"]
[SourceVersionDate "2019.10.17"]
[SourceQuality "1"]
[WhiteTeam "China"]
[BlackTeam "China"]
[WhiteTeamCountry "CHN"]
[BlackTeamCountry "CHN"]

1. e4 c6 2. d4 d5 3. Nc3 dxe4 4. Nxe4 Bf5 5. Ng3 Bg6 6. Nh3 h6 7. Nf4 Bh7 8. Bc4 Nf6 9. 0-0 Na6 10. Ngh5 e6 11. Bxe6 fxe6 12. Nxe6 Qd5 13. Qe2 Kf7 14. Nhf4 Qe4 15. Qc4 Nd5 16. Qb3 Rb8 17. c4 Nxf4 18. Bxf4 Qxe6 19. Bxb8 Nxb8 20. Qxb7+ Be7 21. d5 cxd5 22. Rfe1 Qd7 23. Qxd5+ Qxd5 24. cxd5 Rd8 25. Red1 Be4 26. Rd4 Bxd5 27. Rad1 Ke6 28. Re1+ Kd6 29. Rxd5+ Kxd5 30. Rxe7 Rd7 31. Re3 Rb7 32. b3 Nc6 33. h4 Nb4 34. Re2 Kd4 35. g4 Kd3 36. Kf1 Rc7 37. Re3+ Kd2 38. g5 hxg5 39. hxg5 g6 40. a3 Nd5 41. Rf3 Nc3 42. Rf6 Rg7 43. Ra6 Kc2 44. b4 Kb3 45. Kg2 Na4 46. Rd6 Kxa3 47. Rd4 Rb7 48. Rd6 Rb6 49. Rd7 a6 50. f4 Kxb4 51. Kf3 Nc5 52. Rd4+ Kc3 53. Rd5 Kc4 54. Re5 a5 55. Kg4 a4 56. f5 a3 57. fxg6 Rxg6 58. Kf5 a2 59. Re1 Rg8 60. g6 Nd7 61. Kg5 Nf8 62. Kf6 Rxg6+ 63. Kf7 Ra6 64. Kxf8 a1Q 65. Rxa1 Rxa1 66. Kg7 Ra6 67. Kh7 Kd5 68. Kg7 Ke5 69. Kh7 Kf6 70. Kh6 Ra5 71. Kh7 Rh5+ 0-1